Post war trends in monetary theory and policy

Αποθηκεύτηκε σε:
Λεπτομέρειες βιβλιογραφικής εγγραφής
Κύριος συγγραφέας: Friedman, Milton, 1912-2006
Συγγραφή απο Οργανισμό/Αρχή: Κέντρο Προγραμματισμού και Οικονομικών Ερευνών
Μορφή: Βιβλίο
Γλώσσα:English
Δημοσίευση: Athens : Center Of Economic Research, c1963
Σειρά:Lecture series (Κέντρον Προγραμματισμού και Οικονομικών Ερευνών) ; 5
Θέματα:
Ετικέτες: Προσθήκη ετικέτας
Δεν υπάρχουν, Καταχωρήστε ετικέτα πρώτοι!

MARC

LEADER 00000cam a2200000 i 4500
001 1/26696
008 981217s1963 eng d
035 |l 10037644 
040 |a GR-MY-UA  |b gre  |e aacr 
041 0 |a eng 
082 0 |a 332.4973 
100 1 |a Friedman, Milton,   |d 1912-2006. 
245 1 0 |a Post war trends in monetary theory and policy /  |c by Milton Friedman 
260 |a Athens :   |b Center Of Economic Research,   |c c1963 
300 |a 31 p. 
490 1 |a Lecture series  |v ; 5 
650 0 0 |a Monetary policy. 
650 0 0 |a Monetary policy  |z United States. 
710 2 |a Κέντρο Προγραμματισμού και Οικονομικών Ερευνών. 
830 0 |a Lecture series (Κέντρον Προγραμματισμού και Οικονομικών Ερευνών)  |v ; 5 
852 |a INST  |b CHIOS  |e 19981217  |h 332.4973 FRI  |p 005200015169  |q 005200015169  |t BK  |y 0 
901 |a BIBL-1998-3 
909 |a Χ  |b 055151 
970 |z 2000/07/ELIDOC